LEADER 01044nam0-22003491i-450- 001 990002584850403321 035 $a000258485 035 $aFED01000258485 035 $a(Aleph)000258485FED01 035 $a000258485 100 $a20000920d1992----km-y0itay50------ba 101 0 $aENG 200 1 $aParallel problem solving from nature$eapplications in statistics and economics. PASE International workshop held in Zurich, december 1991$fby D. Wurtz and F. Murtagh. 210 $aZurich$cs.e.$d1992. 215 $a192 p.$d30 cm 610 0 $aAtti di convegni 610 0 $aInformatica applicata alla statistica 610 0 $aReti neurali 610 0 $aOttimizzazione 610 0 $aAnalisi delle serie storiche 676 $a004 676 $a519 702 1$aMurtagh,$bF. 702 1$aWurtz,$bD. 801 0$aIT$bUNINA$gRICA$2UNIMARC 901 $aBK 912 $a990002584850403321 952 $aXXX-A-48$b3476$fMAS 959 $aMAS 996 $aParallel problem solving from nature$9434936 997 $aUNINA DB $aING01 LEADER 00750oam 2200277z- 450 001 9910165122703321 005 20080401115833.0 010 $a1-932636-70-6 035 $a(CKB)3710000001065282 035 $a(EXLCZ)993710000001065282 100 $a20210505c2004uuuu -u- - 101 0 $aeng 200 10$aBeyond solitude $ea cache of Alaskan tales /$fJo Massey 210 $cPronghorn Press 311 $a1-932636-09-9 606 $aSolitude$vFiction 606 $aShort stories, American 606 $aAlaska$vFiction 615 0$aSolitude 615 0$aShort stories, American. 615 0$aAlaska 700 $aMassey$b Jo$01236734 906 $aBOOK 912 $a9910165122703321 996 $aBeyond solitude$92871458 997 $aUNINA